[Event "St Petersburg Summer op"]
[Site "St Petersburg"]
[Date "2017.08.21"]
[Round "6"]
[White "Klyuev, Viktor"]
[Black "Lingur, Zalina"]
[Result "0-1"]
[WhiteElo "1727"]
[BlackElo "2091"]
[PlyCount "72"]
[EventDate "2017.08.16"]
[EventType "swiss"]
[EventRounds "9"]
[EventCountry "RUS"]
[SourceTitle "CBM 180 Extra"]
[Source "ChessBase"]
[SourceDate "2017.10.06"]
[SourceVersion "1"]
[SourceVersionDate "2017.10.06"]
[SourceQuality "1"]

1. e4 c5 2. Nf3 d6 3. d4 cxd4 4. Nxd4 Nf6 5. Nc3 a6 6. h3 e5 7. Nde2 h5 8. Bg5 Be6 9. f4 Nbd7 10. f5 Bc4 11. b3 Bxe2 12. Bxe2 Qa5 13. Bd2 Qc5 14. Bf3 Rc8 15. Rc1 Be7 16. Qe2 Qd4 17. Nd1 d5 18. Be3 Qb4+ 19. c3 Qa5 20. b4 Qa3 21. Rc2 dxe4 22. Bxe4 Nxe4 23. Bc1 Bh4+ 24. g3 Bxg3+ 25. Kf1 Qa4 26. Qxe4 0-0 27. Bg5 Rfe8 28. Kg2 Bf4 29. h4 Nc5 30. Qe2 Qc6+ 31. Qf3 Ne4 32. Bxf4 exf4 33. Rf1 Re5 34. Re2 Rce8 35. Rfe1 Nd2 36. Qxc6 Rxe2+ 0-1

[Event "St Petersburg Summer op"]
[Site "St Petersburg"]
[Date "2017.08.18"]
[Round "3"]
[White "Zolotyh, Lev"]
[Black "Klyuev, Viktor"]
[Result "0-1"]
[WhiteElo "1889"]
[BlackElo "1727"]
[PlyCount "56"]
[EventDate "2017.08.16"]
[EventType "swiss"]
[EventRounds "9"]
[EventCountry "RUS"]
[SourceTitle "CBM 180 Extra"]
[Source "ChessBase"]
[SourceDate "2017.10.06"]
[SourceVersion "1"]
[SourceVersionDate "2017.10.06"]
[SourceQuality "1"]

1. e4 c5 2. Nf3 d6 3. d4 cxd4 4. Nxd4 Nf6 5. Nc3 g6 6. Be3 Bg7 7. h3 a6 8. Qd2 Nc6 9. 0-0-0 Bd7 10. g4 h6 11. Bg2 Qc7 12. f4 Be6 13. Rhe1 0-0-0 14. Qe2 Na5 15. Nxe6 fxe6 16. Na4 Nd7 17. Rd3 Kb8 18. Qf2 b5 19. Nc3 Rhf8 20. Rf1 Rc8 21. Bd4 Bxd4 22. Qxd4 e5 23. Qb4 Nc6 24. Qa3 Nc5 25. Nd5 Nxd3+ 26. Qxd3 Qa5 27. Kb1 Nb4 28. Nxb4 Qxb4 0-1

[Event "St Petersburg March op"]
[Site "St Petersburg"]
[Date "2009.04.02"]
[Round "4"]
[White "Klyuev, Viktor"]
[Black "Dushin, Nikolay"]
[Result "1-0"]
[WhiteElo "2119"]
[BlackElo "2079"]
[PlyCount "153"]
[EventDate "2009.03.30"]
[EventType "swiss"]
[EventRounds "9"]
[EventCountry "RUS"]
[SourceTitle "EXT 2012"]
[Source "ChessBase"]
[SourceDate "2011.11.24"]
[SourceVersion "1"]
[SourceVersionDate "2011.11.24"]
[SourceQuality "1"]

1. c4 e5 2. Nc3 Nc6 3. Nf3 g6 4. g3 Bg7 5. Bg2 d6 6. 0-0 Nge7 7. Rb1 Be6 8. d3 a5 9. a3 h6 10. e4 Qd7 11. Re1 Bh3 12. Bh1 Bg4 13. Ne2 a4 14. Be3 Na5 15. Qc2 Nb3 16. Nd2 Bxe2 17. Rxe2 Nc5 18. Rd1 0-0 19. Nf3 f5 20. exf5 Qxf5 21. Nh4 Qf7 22. Bxc5 dxc5 23. Bxb7 Rab8 24. Be4 Rb3 25. Nxg6 Rfb8 26. Nxe7+ Qxe7 27. Qc1 Qd6 28. Bd5+ Kh8 29. Rdd2 Bf6 30. h4 Kg7 31. Qf1 c6 32. Be4 Qd7 33. Qg2 R8b6 34. Qf3 Qe6 35. Qh5 Be7 36. Bf5 Qf6 37. Qg4+ Kh8 38. Kg2 Rb8 39. Qe4 Rf8 40. Bd7 Rb6 41. Qxe5 Qxe5 42. Rxe5 Bf6 43. Re6 Kg7 44. Rxc6 Rxb2 45. Rxb2 Bxb2 46. Rxc5 Ra8 47. Rc7 Kf6 48. Bc6 Ra5 49. f4 Bxa3 50. Bxa4 Rxa4 51. Kf3 h5 52. g4 hxg4+ 53. Kxg4 Bd6 54. Rc6 Ke7 55. Kg5 Ra3 56. c5 Bxf4+ 57. Kxf4 Rxd3 58. Ke4 Rd1 59. h5 Re1+ 60. Kd5 Rd1+ 61. Kc4 Rc1+ 62. Kb5 Rb1+ 63. Ka6 Kd7 64. Rb6 Rc1 65. Rd6+ Kc7 66. Kb5 Rb1+ 67. Kc4 Rc1+ 68. Kd5 Rh1 69. h6 Rh5+ 70. Kc4 Rh1 71. Rg6 Rh2 72. c6 Kb6 73. Kd5 Rh5+ 74. Kd6 Rh1 75. Kd7 Rc1 76. c7+ Kb7 77. Rb6+ 1-0